000 00449nam a2200181Ia 4500
001 11063
005 20260306161918.0
008 260306t1989||||xx |||||||||||||| ||spa||
041 _aESP
082 _a985.004
_bA77
100 _aArroyo, Carlos
_eAUT
245 0 _aEncuentros:
_bhistoria y movimientos sociales en el Perú
260 _c1989
300 _a172 páginas :
_c21cm.
650 _aGEN
654 _aCHU
942 _cREV
_dJUS
_fJUS
_2ddc
_n
999 _c11063
_d11063